Normal view
MARC view
Entry Personal Name
001 - CONTROL NUMBER
- control field: 64453
003 - CONTROL NUMBER IDENTIFIER
- control field: dpl
005 - DATE AND TIME OF LATEST TRANSACTION
- control field: 20240409112547.0
008 - FIXED-LENGTH DATA ELEMENTS
- fixed length control field: 240409|| aca||aabn | a|a d
040 ## - CATALOGING SOURCE
- Original cataloging agency: dpl
- Transcribing agency: dpl
100 ## - HEADING--PERSONAL NAME
- Personal name: Becker, Franklin
670 ## - SOURCE DATA FOUND
- Source citation: Work cat.: (dpl)201990: Becker, Franklin, Franklin Becker [and] Fritz Steele , 1994
